| 000 | 00527nam a22001817a 4500 | ||
|---|---|---|---|
| 999 |
_c525903 _d525903 |
||
| 003 | NUST | ||
| 005 | 20190705075814.0 | ||
| 038 | _aFaiza | ||
| 082 |
_a891.4911 _bSAI |
||
| 100 |
_aSaif Ur Rehman Dar _916849 |
||
| 245 |
_aJithy Pillan Di thandi Chan/ _cSaif Ur Rehman Dar |
||
| 260 |
_aLahore: _bPakistan Punjabi Adbi Board, _c1985. |
||
| 300 | _a344p. ; | ||
| 500 | _aPaper Cover | ||
| 880 |
_6100-01\r _aسیف الرحمٰن ڈار |
||
| 880 |
_6245-02\r _a /جتھے پیلاں دی ٹھنڈی چھاں |
||
| 942 |
_2ddc _cBK |
||